Turokiáda v dvoch dejstvách s prestávkou

Bibliographic Details
Main Author: Sisák, Miron, 1935-2018 (Author)
Format: Article
Language:Slovak
Subjects:

MARC

LEADER 00000nab a2200000 a 4500
001 vtls000553889
003 SK-MaSNL
005 20260303211551.0
008 150501c1995 xo 0 slo
015 |a SNBRB19rr/mm-uuuuu 
035 |a CL0554027 
040 |a SNKBUCL  |b slo  |c SNKBUCL  |e AACR2 
041 0 |a slo 
044 |a xo  |c SK 
080 |a 792.2  |2 1981 
100 1 |a Sisák, Miron,  |d 1935-2018  |4 aut  |9 185476 
245 1 0 |a Turokiáda v dvoch dejstvách s prestávkou  |c Miron Sisák 
500 |a Réžia a úprava V. Turok 
600 1 7 |a Urbánek, Ferko,  |d 1858-1934  |t Mam a klam  |2 snkbucl  |9 52613 
610 2 7 |a Divadlo Alexandra Duchnoviča  |2 snkbucl  |9 31263 
655 7 |a články z novín a časopisov  |2 snkbucl  |9 267496 
773 0 |t Javisko  |g Roč. 27, č. 7-8 (1995), s. 5 
850 |a Slovenská národná knižnica v Martine  |a MTA001 
852 |a SNK  |b KIS3GCP 
958 |a RK 
958 |a SK 
992 |a RBX 
999 |c 2203413  |d 2205343